You must be joking : (Record no. 2872)

MARC details
000 -LEADER
fixed length control field 00743cam a2200253 i 4500
001 - CONTROL NUMBER
control field 1309974
003 - CONTROL NUMBER IDENTIFIER
control field OSt
005 - DATE AND TIME OF LATEST TRANSACTION
control field 20181019094811.0
008 - FIXED-LENGTH DATA ELEMENTS--GENERAL INFORMATION
fixed length control field 780223s1976 enka b 000 0 eng
010 ## - LIBRARY OF CONGRESS CONTROL NUMBER
LC control number 77376744
015 ## - NATIONAL BIBLIOGRAPHY NUMBER
National bibliography number GB77-18542
020 ## - INTERNATIONAL STANDARD BOOK NUMBER
International Standard Book Number 0340211261 :
Terms of availability £0.70
040 ## - CATALOGING SOURCE
Original cataloging agency DLC
Transcribing agency DLC
Modifying agency DLC
050 00 - LIBRARY OF CONGRESS CALL NUMBER
Classification number BT1102
Item number .G745
082 00 - DEWEY DECIMAL CLASSIFICATION NUMBER
Classification number 248.4
Item number G795Y
100 1# - MAIN ENTRY--PERSONAL NAME
Personal name Green, Michael,
Dates associated with a name 1930-
245 10 - TITLE STATEMENT
Title You must be joking :
Remainder of title popular excuses for avoiding Jesus Christ /
Statement of responsibility, etc. by Michael Green.
260 ## - PUBLICATION, DISTRIBUTION, ETC.
Place of publication, distribution, etc. London :
Name of publisher, distributor, etc. Hodder and Stoughton,
Date of publication, distribution, etc. 1976.
300 ## - PHYSICAL DESCRIPTION
Extent 159 p. :
Other physical details ill. ;
Dimensions 18 cm.
504 ## - BIBLIOGRAPHY, ETC. NOTE
Bibliography, etc. note Bibliography: p. [157]-159.
650 #0 - SUBJECT ADDED ENTRY--TOPICAL TERM
Topical term or geographic name entry element Apologetics.
906 ## - LOCAL DATA ELEMENT F, LDF (RLIN)
a 7
b cbc
c orignew
d 3
e ncip
f 19
g y-gencatlg
942 ## - ADDED ENTRY ELEMENTS (KOHA)
Source of classification or shelving scheme Dewey Decimal Classification
Koha item type Books
Holdings
Withdrawn status Lost status Source of classification or shelving scheme Damaged status Not for loan Collection code Home library Current library Shelving location Date acquired Cost, normal purchase price Total Checkouts Full call number Barcode Date last seen Price effective from Koha item type
    Dewey Decimal Classification     Non-fiction Harvest Mission College Harvest Mission College General Stacks 19.10.2018 120.00   248.4 G795Y 000658 19.10.2018 19.10.2018 Books

OPAC Designed and Maintained by HMC Library Team.
Copyright © HMC Library,Greater Noida, UP.
For any Suggestions/Query Contact library via Email:libhmc@gmail.com